LEADER 02115nam 2200601Ia 450 001 9910457355303321 005 20200520144314.0 010 $a1-282-79611-9 010 $a9786612796111 010 $a1-86189-746-4 035 $a(CKB)2550000000006699 035 $a(EBL)480990 035 $a(OCoLC)671655778 035 $a(SSID)ssj0000356667 035 $a(PQKBManifestationID)11249978 035 $a(PQKBTitleCode)TC0000356667 035 $a(PQKBWorkID)10349669 035 $a(PQKB)10223827 035 $a(MiAaPQ)EBC480990 035 $a(Au-PeEL)EBL480990 035 $a(CaPaEBR)ebr10430659 035 $a(CaONFJC)MIL279611 035 $a(EXLCZ)992550000000006699 100 $a20081030d2009 uy 0 101 0 $aeng 135 $aur|n|---||||| 181 $ctxt 182 $cc 183 $acr 200 10$aApe$b[electronic resource] /$fJohn Sorenson 210 $aLondon $cReaktion$d2009 215 $a1 online resource (226 p.) 225 0 $aAnimal 300 $aDescription based upon print version of record. 311 $a1-86189-422-8 320 $aIncludes bibliographical references and index. 327 $aApe Cover; Imprint page; Contents; 1 Natural History; 2 Thinking about Apes; 3 Pets, Captives, Hybrids; 4 Looking at Apes; 5 Models for Human Behaviour; 6 Extinction; Timeline of the Ape; References; Select Bibliography; Associations and Websites; Acknowledgements; Photo Acknowledgements; Index 330 $aApes-to look at them is to see a mirror of ourselves. Our close genetic relatives fascinate and unnerve us with their similar behavior and social personality. Here, John Sorenson delves into our conflicted relationship to the great apes, which often revea 410 0$aRB-Animal 606 $aApes 606 $aPrimates 608 $aElectronic books. 615 0$aApes. 615 0$aPrimates. 676 $a599.88 700 $aSorenson$b John$f1952-$0989608 801 0$bMiAaPQ 801 1$bMiAaPQ 801 2$bMiAaPQ 906 $aBOOK 912 $a9910457355303321 996 $aApe$92263446 997 $aUNINA LEADER 03639nam 2200673 450 001 9910788837303321 005 20230422032434.0 010 $a3-11-095411-7 024 7 $a10.1515/9783110954111 035 $a(CKB)3360000000513850 035 $a(EBL)4008266 035 $a(SSID)ssj0001457496 035 $a(PQKBManifestationID)11865008 035 $a(PQKBTitleCode)TC0001457496 035 $a(PQKBWorkID)11441278 035 $a(PQKB)10846486 035 $a(MiAaPQ)EBC4008266 035 $a(DE-B1597)48228 035 $a(OCoLC)979955896 035 $a(DE-B1597)9783110954111 035 $a(Au-PeEL)EBL4008266 035 $a(CaPaEBR)ebr11072116 035 $a(CaONFJC)MIL806157 035 $a(OCoLC)957124363 035 $a(EXLCZ)993360000000513850 100 $a20160224h19991999 uy 0 101 0 $aeng 135 $aur|n|---||||| 181 $ctxt 182 $cc 183 $acr 200 10$aIntelligent library buildings $eproceedings of the Tenth Seminar of the IFLA Section on Library Buildings and Equipment, The Hague, Netherlands, 24-29 August 1997 /$fedited by Marie-Frangoise Bisbrouck and Marc Chauveinc 205 $aReprint 2015 210 1$aMunich, [Germany] :$cK. G. Saur,$d1999. 210 4$dİ1999 215 $a1 online resource (302 p.) 225 1 $aIFLA Publications,$x0344-6891 ;$v88 300 $aDescription based upon print version of record. 311 $a3-598-21810-9 327 $tFrontmatter -- $tTABLE OF CONTENTS -- $tPROGRAM -- $tINTRODUCTION / $rChauveinc, Marc / Kampen, Anke van / Renes, Wim -- $tSOME THOUGHTS ON THE DESIGN OF MAJOR LIBRARY BUILDINGS / $rFaulkner-Brown, Harry -- $tTHE CENTRAL LIBRARY OF THE HAGUE IN THE MOST PROMINENT PLACE IN THE CITY / $rRenes, Wim -- $tIS A N INTELLIGENT BUILDING AUTOMATICALLY A FUNCTIONAL LIBRARY? / $rRoos, Hanke -- $tINTELLIGENT BUILDINGS, A DESIGNER'S POINT OF VIEW / $rMol, Jacques -- $tDIE DEUTSCHE BIBLIOTHEK AT FRANKFURT-AMM A IN / $rKolasa, Ingo -- $tTHE NEW HEADQUARTERS OF THE VENEZUELAN NATIONAL LIBRARY: A BUILDING DESIGNED IN 1976 A N D PLANNED FOR THE THIRD MILLENNIUM / $rMunoz-Gimenez, Elvira -- $tDEVELOPING A DIGITAL LIBRARY, STRATEGY AND PROCESS OF A CASE STUDY: TILBURG UNIVERSITY / $rGeleijnse, Hans -- $tTHE TILBURG DIGITAL LIBRARY / $rGeleijnse, Hans -- $tROTTERDAM LIBRARY PAST 2000 / $rMeijer, Frans -- $tSAN FRANCISCO PUBLIC LIBRARY (SFPL) / $rDowlin, Kenneth ?. -- $tA BEAUTIFUL, USEFUL MACHINE FOR SERVICE: THE DENVER PUBLIC LIBRARY / $rAshton, Rick J. -- $tSIBL PRESENTATION AT THE CITY LIBRARY / $rLeClerc, Paul -- $tTHE NEW YORK PUBLIC LIBRARY'S SCIENCE, INDUSTRY AND BUSINESS LIBRARY / $rWalker, William D. -- $tTHE ADSETTS LEARNING CENTRE, SHEFFIELD HALLAM UNIVERSITY / $rBulpitt, Graham -- $tLA BIBLIOTHEQUE NATIONALE DE FRANCE / $rCzaplinski, Jean-Marc -- $tCONCLUSION / $rRenes, Wim -- $tCLOSING REMARKS / $rChauveinc, Marc -- $tANNEXES -- $tLIST OF SPEAKERS -- $tLIST OF PARTICIPANTS 410 0$aIFLA publications ;$v88. 606 $aLibrary buildings$vCongresses 606 $aLibrary architecture$vCongresses 606 $aLibrary buildings$xAutomation$vCongresses 606 $aIntelligent buildings$vCongresses 615 0$aLibrary buildings 615 0$aLibrary architecture 615 0$aLibrary buildings$xAutomation 615 0$aIntelligent buildings 676 $a727.8 702 $aBisbrouck$b Marie-Françoise, 702 $aChauveinc$b Marc, 801 0$bMiAaPQ 801 1$bMiAaPQ 801 2$bMiAaPQ 906 $aBOOK 912 $a9910788837303321 996 $aIntelligent library buildings$93767736 997 $aUNINA